Ratna bichar (Record no. 9013)

MARC details
000 -LEADER
fixed length control field 00481cam a2200205ua 4500
001 - CONTROL NUMBER
control field 10022
005 - DATE AND TIME OF LATEST TRANSACTION
control field 20260515114544.0
008 - FIXED-LENGTH DATA ELEMENTS--GENERAL INFORMATION
fixed length control field 170317n ii |||gr||||Z||||||asm
040 ## - CATALOGING SOURCE
Transcribing agency MAIN
041 ## - LANGUAGE CODE
Language code of text/sound track or separate title asm
082 ## - DEWEY DECIMAL CLASSIFICATION NUMBER
Classification number 739.27
100 ## - MAIN ENTRY--PERSONAL NAME
Personal name Sarma, Kali Prasad,
Relator term Author.
245 ## - TITLE STATEMENT
Title Ratna bichar
Statement of responsibility, etc. By Kali Prasad Sarma
250 ## - EDITION STATEMENT
Edition statement 1st ed.
260 ## - PUBLICATION, DISTRIBUTION, ETC.
Place of publication, distribution, etc. Guwahati:
Name of publisher, distributor, etc. Ruby publishers,
Date of publication, distribution, etc. 1981.
300 ## - PHYSICAL DESCRIPTION
Extent 152p.
653 ## - INDEX TERM--UNCONTROLLED
Uncontrolled term Art metalwork
653 ## - INDEX TERM--UNCONTROLLED
Uncontrolled term Jewelry
942 ## - ADDED ENTRY ELEMENTS (KOHA)
Koha item type Books
Holdings
Withdrawn status Lost status Damaged status Not for loan Home library Current library Shelving location Date acquired Total checkouts Full call number Barcode Date last seen Copy number Price effective from Koha item type
        Naharkatiya College Library Naharkatiya College Library General stacks 09/19/2020   739.27 | SAR 1150 09/19/2020 1 09/19/2020 Books